00258nam a2200109Ia 4500008004100000082001300041100002300054245002800077260002700105300000800132650000800140191201s2012 xx 000 0 und d a659bJEC aJETHWANEY, Jaishri 0aCorporate Communication aN. DelhibOxfordc2012 a432 aMBA